ARRUPE JESUIT UNIVERSITY

CORONAVIRUS -STOP THE SPREAD - CLEAN,DISINFECT,COVER

Savages / (Record no. 124582)

MARC details
000 -LEADER
fixed length control field 01780pam a2200337 a 4500
001 - CONTROL NUMBER
control field 669832
003 - CONTROL NUMBER IDENTIFIER
control field ARRUPE
005 - DATE AND TIME OF LATEST TRANSACTION
control field 20160412143937.0
008 - FIXED-LENGTH DATA ELEMENTS--GENERAL INFORMATION
fixed length control field 950206s1995 nyuab b 000 0 eng
010 ## - LIBRARY OF CONGRESS CONTROL NUMBER
LC control number 95004258
020 ## - INTERNATIONAL STANDARD BOOK NUMBER
International Standard Book Number 0679411917
028 ## - PUBLISHER NUMBER
Publisher number F3722.1H83
040 ## - CATALOGING SOURCE
Original cataloging agency DLC
Transcribing agency DLC
Modifying agency DLC
043 ## - GEOGRAPHIC AREA CODE
Geographic area code s-ec---
-- sa-----
050 00 - LIBRARY OF CONGRESS CALL NUMBER
Classification number F3722.1H83
082 00 - DEWEY DECIMAL CLASSIFICATION NUMBER
Classification number 333.3/0981/1
Edition number 20
300 ## - PHYSICAL DESCRIPTION
Other physical details col. ill., map ;
Dimensions 25 cm.
100 1# - MAIN ENTRY--PERSONAL NAME
Personal name Kane, Joe.
9 (RLIN) 23709
245 10 - TITLE STATEMENT
Title Savages /
Statement of responsibility, etc Joe Kane.
250 ## - EDITION STATEMENT
Edition statement 1st ed.
260 ## - PUBLICATION, DISTRIBUTION, ETC. (IMPRINT)
Place of publication, distribution, etc New York :
Name of publisher, distributor, etc Knopf :
-- Distributed by Random House,
Date of publication, distribution, etc 1997.
300 ## - PHYSICAL DESCRIPTION
Extent xi, 273 p.;
500 ## - GENERAL NOTE
General note "Portions of this book were originally published in The New Yorker in slightly different form as 'Amazon showdown: a Stone Age tribe fights American oil' (9/27/93) and 'an Amazon Indian in D.C.'s jungle' (5/2/94)"--T.p. verso.
504 ## - BIBLIOGRAPHY, ETC. NOTE
Bibliography, etc Includes bibliographical references (p. 259-273).
520 1# - SUMMARY, ETC.
Summary, etc "Journalist's fascinating and well-written account of the Huao peoples' struggle against North American oil companies and evangelical missionaries resulting from the construction of the oil pipeline in the Ecuadorian Amazon. Provides an insider's view of international NGO politics, indigenous federation politics, missionized indigenous peoples, and the special place occupied by the Huao in Ecuadorian indigenous struggles"--Handbook of Latin American Studies, v. 57.
Uniform Resource Identifier <a href="http://www.loc.gov/hlas/">http://www.loc.gov/hlas/</a>
650 #0 - SUBJECT ADDED ENTRY--TOPICAL TERM
Topical term or geographic name as entry element Huaorani Indians
General subdivision Land tenure.
9 (RLIN) 23710
650 #0 - SUBJECT ADDED ENTRY--TOPICAL TERM
Topical term or geographic name as entry element Human ecology
Geographic subdivision Ecuador.
9 (RLIN) 23711
650 #0 - SUBJECT ADDED ENTRY--TOPICAL TERM
Topical term or geographic name as entry element Human ecology
Geographic subdivision Amazon River Valley.
9 (RLIN) 23712
906 ## - LOCAL DATA ELEMENT F, LDF (RLIN)
a 7
b cbc
c orignew
d 1
e ocip
f 19
g y-gencatlg
942 ## - ADDED ENTRY ELEMENTS (KOHA)
Source of classification or shelving scheme Library of Congress Classification
Koha item type Monograph ( Printed materials)
Holdings
Withdrawn status Lost status Source of classification or shelving scheme Damaged status Not for loan Collection code Home library Current library Shelving location Date acquired Total Checkouts Full call number Barcode Date last seen Price effective from Koha item type
    Library of Congress Classification     Main Collection ARRUPE LIBRARY ARRUPE LIBRARY Main Collection 12/04/2016   F3722.1H83 46500006597 04/04/2018 12/04/2016 Monograph ( Printed materials)

 

Arrupe Library. PO Box MP320 Mt Pleasant, Harare, Zimbabwe
263 242 745411|librarian@aju.ac.zw